000 02825nam a2200337 a 4500
003 OSt
005 20250422072847.0
007 cr ||||||a|c|a
008 240826s2024 mx a|||fom||| 001 0 spa d
040 _erda
100 1 _aBautista Martínez, Eduardo
_9189467
245 1 0 _aEfecto del tipo de poda sobre la presencia de araña roja y mosca blanca en aguacate hass /
_cpor Eduardo Bautista Martínez ; José de Jesús Loyola, secretario Samuel Sánchez Domínguez; vocal Arturo Vega Cuen; suplente Domingo Montalvo Hernández; suplente Arturo Chong Eslava.
264 1 _aChapingo, México :
_bEl autor,
_c2024.
300 _a1 recurso en línea (125 páginas):
_bgráficas,ilustraciones, tablas.
336 _2rdacontent
_atexto
_btxt
337 _2rdamedia
_acomputadora
_bc
338 _2rdacarrier
_arecurso en línea
_bcr
502 _bIAAF
_cFitotecnia
_d2024.
_gLIC
504 _aIncluye referencias bibliográficas: páginas 101-111.
520 _aLa poda en el cultivo del aguacate favorece tener árboles de porte bajo que facilitan la aplicación de tratamientos sanitarios y cosecha, además de incrementar la densidad de población, que contribuyen en la obtención de altos rendimientos. Caso contrario, presentan abundante ramificación en las partes bajas, ángulos excesivamente cerrados y un constante desgajamiento de ramas, y poca penetración de luz al interior de la copa presentando ramas improductivas. En este estudio se realizó en San Juan Achiutla, Tlaxiaco, Oaxaca, donde se evaluaron 4 tipos de poda (Poda de despunte T1, Poda de sanidad T2, Poda de ramas bajas T3 y Poda integral T4) más un Testigo T5, con el fin de estimar la presencia de araña roja y mosca blanca en su estado de huevo, ninfa y adulto, así como la temperatura y el % de humedad relativa al interior de la copa en un periodo de noviembre 2023 a enero 2024. Se concluye que la Poda Integral reduce la presencia de mosca blanca y de la araña roja, al permitir un incremento de la temperatura al interior de la copa; el resultado anterior también es observado en forma descendente en los tratamientos T3, T2 y T1; mientras que el no realizar ningún tipo de poda, aumenta la presencia de araña roja y mosca blanca.
650 4 _aAguacate
_xPoda
_92545
650 4 _aTetranychus urticae
_xControl
_9132187
650 4 _aTrialeurodes vaporarium
_xControl
_9189443
700 1 _aLoyola, José de Jesús
_968707
_eDirector de tesis.
700 1 _aSánchez Domínguez, Samuel
_eSecretario.
_9107478
700 1 _aVega Cuen, Arturo
_9118251
_eVocal.
700 1 _aMontalvo Hernández, Domingo
_977714
_eSuplente.
700 1 _aChong Eslava, Arturo
_922863
_eSuplente.
856 _uhttp://10.13.5.2/tesis/tl/1610225-1_BAUTISTA_MARTINEZ_EDUARDO.pdf
_zDESCARGAR PDF
942 _2Clasificación Universidad Autónoma Chapingo
_cTD
999 _c220105
_d220105